000 00678nab a2200229 a 4500
005 20210219161855.0
008 991125s1985 mx 000 0 spa u
035 _aUPN01000193495
100 1 _aDenegri de Dios, Fabiola Maribel
100 1 _ufdnegri@uabc.edu.mc
222 _aCONTADURIA Y ADMINISTRACION
245 _aIdentificaciòn de perfiles ambientales en la Pyme a travès de auditorìa ambiental
260 _aMèxico
300 _a195-215
362 0 _a2011 No. 235, sept.-dic.
653 0 _aPEQUEÑA EMPRESA
653 0 _aMEDIO AMBIENTE
653 0 _aCONTROL DE CONTAMINACION
653 0 _aAUDITORIA AMBIENTAL
653 0 _aMEXICO
905 _aArticulo
999 _c165596
_d165596